000 00828nam a2200253Ia 4500
003 OSt
005 20220923211225.0
006 a|||||r|||| 00| 0
007 ta
008 220922b |||||||| |||| 00| 0 hin d
020 _a9788170286578 (hbk)
_c250
024 _a233,440
037 _b448, 19/03/2008, Swaraj Prakashan
_cTextual
040 _aARTS
_cARTS
_bhin
041 _2hin
_ahin
082 _aV2y7N31, P6
100 _aअब्दुल कलाम, ए पी जे
_9159933
245 0 _aअदम्य साहस
246 _aAdamya sāhasa
260 _aदिल्ली
_b राजपाल
_c2006
300 _a254पृ.
_ccm.
942 _hV2y7N31, P6
_cTEXL
_2CC
999 _c297217
_d297217